Bankruptcy and Insolvency Law in Canada (Registro nro. 170305)

Detalles MARC
000 -LEADER
fixed length control field 02433nam a22002657a 4500
007 - PHYSICAL DESCRIPTION FIXED FIELD--GENERAL INFORMATION
fixed length control field cr|||| ||||
008 - FIXED-LENGTH DATA ELEMENTS--GENERAL INFORMATION
fixed length control field 210819s2019 ca |||||s|||| 00||0 eng d
020 ## - INTERNATIONAL STANDARD BOOK NUMBER
International Standard Book Number 9781552215180
035 ## -
-- 34972
040 ## - CATALOGING SOURCE
Original cataloging agency vLex
090 ## -
-- 12069
-- 12069
100 1# - MAIN ENTRY--PERSONAL NAME
Personal name Ben-Ishai, Stephanie
245 10 - TITLE STATEMENT
Title Bankruptcy and Insolvency Law in Canada
Medium [Recurso electrónico] :
Remainder of title Cases, Materials, and Problems /
Statement of responsibility, etc Stephanie Ben-Ishai, Thomas G. W. Telfer
256 ## -
-- Servicio en línea
260 ## - PUBLICATION, DISTRIBUTION, ETC. (IMPRINT)
Place of publication, distribution, etc Toronto:
Name of publisher, distributor, etc Irwin Law Inc.,
Date of publication, distribution, etc 2019
300 ## - PHYSICAL DESCRIPTION
Extent 1 recurso electrónico
500 ## - GENERAL NOTE
General note Authored by leading experts from across the country, Bankruptcy and Insolvency Law in Canada: Cases, Materials, and Problems reimagines the traditional casebook. It includes an instructor’s manual and is offered in conjunction with an illustrated guide featuring helpful visual aids and diagrams. This casebook provides clear, accessible, and detailed textual commentary on the law by using modern and illustrative cases and presents problem-solving exercises to challenge students to do what lawyers are renowned for — provide solutions. This up-to-date resource fosters an appreciation for the law by analyzing the intellectual, political, and practical importance of bankruptcy legislation, and the manner in which it permeates many aspects of corporate, commercial, and consumer law. In addition to providing an overview of the key issues in contemporary law, this book addresses the procedural aspects involved in different types of bankruptcy and insolvency proceedings, and their impact on debtors and creditors. This “all-in-one” course package explains and clarifies the interplay of social, economic, and legal issues in the development of modern bankruptcy policy, and it is an invaluable resource for professors, law students, and practitioners seeking to understand the operation of the Canadian bankruptcy system.
506 1# - RESTRICTIONS ON ACCESS NOTE
Terms governing access Disponible solo en los productos indicados
Authorized users vLex Global
-- vLex Global (Academic Edition, excluding Law Schools)
-- vLex Global (U.S. Academic Edition, Law Schools)
-- vLex Global (U.S. Academic Edition, excluding Law Schools)
-- vLex Global (Academic Edition, Law Schools)
650 04 - SUBJECT ADDED ENTRY--TOPICAL TERM
Topical term or geographic name as entry element Derecho Mercantil y de la Empresa
Geographic subdivision Canadá
700 1# - ADDED ENTRY--PERSONAL NAME
Personal name Telfer, Thomas G. W.
740 0# -
-- vLex Libros (Servicio en línea)
856 40 - LOCALIZACIÓN Y ACCESO ELECTRÓNICO
Identificador Uniforme del Recurso (URI/URL) https://app.vlex.com/#/sources/34972
942 ## -
-- RAA
999 ## -
-- 170305
-- 170305

No hay ítems disponibles.


CONTACTO


NOSOTROS


SITIOS DE INTERES

coordinacion.biblioteca.biblioteca@unienlinea.mx Misión, Visión y Objetivos Bases de datos
Directorio Bibliotecas Digitales y Repositorios
Normatividad Revistas y artículos
Convenios interbibliotecarios
Boletines



Hecho en México. Universidad Insurgentes (UIN). Todos los derechos reservados 2024. Esta página y sus contenidos pueden ser reproducidos con fines no lucrativos, siempre y cuando no se mutile, se cite la fuente completa y su dirección electrónicas. De otra forma requiere permiso previo por escrito de la institución




2024 Copyright Universidad Insurgentes | www.bibliouin.com.mx